[Event "URS-ch55"]
[Site "Moscow"]
[Date "1988.??.??"]
[Round "?"]
[White "Kharitonov, Andrei Y"]
[Black "Malaniuk, Vladimir P"]
[Result "1/2-1/2"]
[WhiteElo "2550"]
[BlackElo "2520"]

1.d4 f5 2.g3 Nf6 3.Bg2 g6 4.c4 Bg7 5.Nc3 O-O 6.Nh3 Nc6 7.Rb1 d6 8.d5 Ne5
9.b3 Bd7 10.O-O c5 11.Bd2 a6 12.a4 Rb8 13.Qc2 Ne8 14.Kh1 b6 15.f4 Nf7 16.Nf2 Nh6
17.e3 Nc7 18.Ne2 Qe8 19.Bc3 Qf7 20.Bxg7 Qxg7  1/2-1/2

[Event "URS-ch55"]
[Site "Moscow"]
[Date "1988.??.??"]
[Round "?"]
[White "Jussupow, Artur"]
[Black "Ivanchuk, Vassily"]
[Result "0-1"]
[WhiteElo "2620"]
[BlackElo "2625"]

1.d4 Nf6 2.Nf3 e6 3.e3 c5 4.Bd3 b6 5.O-O Bb7 6.Nbd2 Be7 7.Re1 O-O 8.b3 Nc6
9.a3 d5 10.Bb2 Qc7 11.Qe2 Rac8 12.Rac1 Rfd8 13.h3 Qb8 14.Red1 Bd6 15.dxc5 bxc5
16.c4 d4 17.exd4 Nxd4 18.Bxd4 cxd4 19.b4 Nh5 20.c5 Nf4 21.Qf1 Be7 22.Ba6 d3
23.Bxb7 Qxb7 24.Re1 Qd5 25.Rc4 Ne2+ 26.Kh1 Bf6 27.Rxe2 dxe2 28.Qxe2 Qd3 29.Qxd3 Rxd3
30.Ne4 Bb2 31.c6 f5 32.Ned2 Bxa3 33.b5 Rd5 34.Ra4 Bd6 35.Rxa7 Rxb5 36.Nd4 Rd5
37.N2f3 Bc5 38.Rd7 Bxd4 39.Rxd5 exd5  0-1

[Event "URS-ch55"]
[Site "Moscow"]
[Date "1988.??.??"]
[Round "?"]
[White "Gavrikov, Viktor"]
[Black "Malaniuk, Vladimir P"]
[Result "0-1"]
[WhiteElo "2545"]
[BlackElo "2520"]

1.d4 f5 2.g3 Nf6 3.Bg2 g6 4.c4 Bg7 5.Nc3 d6 6.Nf3 O-O 7.O-O Qe8 8.b3 Na6
9.Ba3 c6 10.Rc1 h6 11.e3 Be6 12.Qe2 Qd7 13.Nd2 Nc7 14.Qd3 Rab8 15.Bb2 Kh8
16.d5 cxd5 17.Nxd5 Ncxd5 18.cxd5 Bf7 19.Bd4 Ra8 20.Rfe1 Rfc8 21.a4 Rc7 22.Rxc7 Qxc7
23.Nc4 Kh7 24.h4 b6 25.Bxf6 Bxf6 26.h5 gxh5 27.Qxf5+ Bg6 28.Qf4 a6 29.Be4 Rg8
30.Bxg6+ Rxg6 31.Kh2 b5 32.axb5 axb5 33.Nd2 Qc2 34.Ne4 Kg7 35.Qf5 Qxb3 36.Rc1 h4
37.Rc7 Qd3 38.Nxd6 hxg3+ 39.fxg3 Qe2+ 40.Kh3 Rg5 41.Rxe7+ Bxe7 42.Qf7+ Kh8
43.Qe8+ Rg8 44.Qxe7  0-1

[Event "URS-ch55"]
[Site "Moscow"]
[Date "1988.??.??"]
[Round "?"]
[White "Eingorn, Vereslav S"]
[Black "Gavrikov, Viktor"]
[Result "1/2-1/2"]
[WhiteElo "2560"]
[BlackElo "2545"]

1.Nf3 Nf6 2.c4 c5 3.Nc3 e6 4.g3 b6 5.Bg2 Bb7 6.O-O a6 7.Re1 Be7 8.e4 d6 9.b3 Qc7
10.Bb2 O-O 11.h3 Re8 12.d3 Nc6 13.d4 cxd4 14.Nxd4 Ne5 15.Qe2 Ned7 16.Rad1 g6
17.Qe3 Bf8 18.g4 Rac8 19.g5 Nh5 20.Bf3 Ng7 21.Bg4 f5 22.gxf6 Nxf6 23.Bf3 Nd7
24.Bg2 Qd8 25.Nde2 Qh4 26.Qf4 Qh5 27.Ng3 Qa5 28.Qd2 Qc5 29.a3 Qc7 30.Qe2 Nc5
31.e5 Bxg2 32.Kxg2 dxe5 33.Nce4 Nxe4  1/2-1/2